1990s or 2000s? Quiz Stats

 Plays Quiz Updated Apr 11, 2018

Challenge
Share
Tweet
Embed
Score 0/30 Timer 05:00
0 Plays Today
Event 19(9)0s or 20(0)0s % Correct
September 11 attacks in the US???
97.2%
'Titanic' movie released???
91.1%
Saddam Hussein captured and executed???
89.6%
Nirvana released 'Nevermind'???
86.6%
Tsunami in Indian Ocean killed 225,000+ people???
86.5%
Mark Zuckerberg launched Facebook???
85.1%
Tiger Woods won his first Masters Tournament???
83.7%
Sporcle launched???
82.6%
Madeleine Albright became US Secretary of State???
81.5%
Boris Yeltsin first elected President of Russia???
80%
Video game console PlayStation (PS1) released???
79.8%
'The Fellowship of the Ring' movie released???
73.4%
First broadcast of American Idol???
73%
Apple Computers revealed the iMac computer???
72.1%
Johnny Cash died???
70.9%
Event 19(9)0s or 20(0)0s % Correct
George W. Bush elected as President of the US???
70.6%
Viagra, male impotence drug became available???
67.5%
Lech Walesa became the President of Poland???
67.3%
The European Union goes into effect???
65%
Kim Jong-il took control of North Korea???
63.4%
The file-sharing service Napster created???
63.1%
Columbine High School massacre???
62.7%
Netherlands first to legalize same-sex marriages???
59.1%
The Human Genome Project is completed???
57.7%
Eritrea gained independence from Ethiopia???
56.3%
Concorde retired???
51%
Benazir Bhutto assassinated in Pakistan???
49.1%
Timor Leste gained independence from Indonesia???
45.5%
Space station Mir deorbited???
41%
Aung San Suu Kyi received Nobel Peace Prize???
40.9%

You're not logged in!

Compare scores with friends on all Sporcle quizzes.
Join for Free
OR
Log In

You Might Also Like...

Show Comments

Extras

Top Quizzes Today


Score Distribution

Your Account Isn't Verified!

In order to create a playlist on Sporcle, you need to verify the email address you used during registration. Go to your Sporcle Settings to finish the process.

Report this User

Report this user for behavior that violates our Community Guidelines.

Details: